Lan Harremanak (Registro nro. 159935)
[ vista simple ]
| 000 -LEADER | |
|---|---|
| fixed length control field | 01112ny a22002653n 4500 |
| 008 - FIXED-LENGTH DATA ELEMENTS--GENERAL INFORMATION | |
| fixed length control field | 080711s19992006sp r s 000 a0spa c |
| 022 ## - | |
| -- | 1575-7048 |
| 035 ## - | |
| -- | 662 |
| 040 ## - CATALOGING SOURCE | |
| Original cataloging agency | UMA.RE |
| Modifying agency | vlex |
| 080 ## - | |
| -- | 349.2(0.034) |
| 090 ## - | |
| -- | 1466 |
| -- | 1466 |
| 245 03 - TITLE STATEMENT | |
| Title | Lan Harremanak |
| Medium | [Recurso electrónico] |
| Remainder of title | Revista de Relaciones Laborales |
| 256 ## - | |
| -- | Servicio en línea |
| 260 ## - PUBLICATION, DISTRIBUTION, ETC. (IMPRINT) | |
| Place of publication, distribution, etc | [Bilbao] : |
| Name of publisher, distributor, etc | Universidad del País Vasco |
| 310 ## - | |
| -- | Semestral |
| 506 1# - RESTRICTIONS ON ACCESS NOTE | |
| Terms governing access | Contenido solo disponible en los productos indicados |
| Authorized users | vLex Global |
| -- | vLex Global (Academic Edition, excluding Law Schools) |
| -- | vLex Global (U.S. Academic Edition, Law Schools) |
| -- | vLex Global (U.S. Academic Edition, excluding Law Schools) |
| -- | vLex Global (Academic Edition, Law Schools) |
| 650 07 - SUBJECT ADDED ENTRY--TOPICAL TERM | |
| Topical term or geographic name as entry element | Relación laboral |
| Source of heading or term | Tesauro vLex |
| 650 07 - SUBJECT ADDED ENTRY--TOPICAL TERM | |
| Source of heading or term | Tesauro vLex |
| Topical term or geographic name as entry element | Laboral |
| 650 07 - SUBJECT ADDED ENTRY--TOPICAL TERM | |
| Source of heading or term | Tesauro vLex |
| Topical term or geographic name as entry element | Relaciones laborales |
| 740 0# - | |
| -- | vLex Revista (Servicios en línea) |
| 853 ## - | |
| -- | 1 |
| -- | (year) |
| -- | (month) |
| -- | (day) |
| 856 40 - LOCALIZACIÓN Y ACCESO ELECTRÓNICO | |
| Identificador Uniforme del Recurso (URI/URL) | https://app.vlex.com/#/sources/lan-harremanak-revista-relaciones-laborales-662 |
| 942 ## - | |
| -- | RAA |
| 999 ## - | |
| -- | 159935 |
| -- | 159935 |
No hay ítems disponibles.